| 000 | 01645nam a22004097a 4500 | ||
|---|---|---|---|
| 003 | CHAP | ||
| 005 | 20220329143800.0 | ||
| 008 | 110812s2011 mx r 00010 spa d | ||
| 010 | _a101813 | ||
| 011 | _a102785 | ||
| 035 | _a113474 | ||
| 040 | _cCHAP | ||
| 090 | _aTesis | ||
| 100 | 1 |
_aHernández Medina, Daniel. _954322 |
|
| 245 | 1 | 0 |
_aManejo agronomico de Tagetes termiflora H.B.K. caracterización del contenido de aceite esencial y evaluación toxicológica en Nacobbus aberrans y Melaidogyne incognita _h[En línea] _c/por Daniel Hernández Medina |
| 260 |
_aChapingo, Méx. : _bEl autor, _c2011 |
||
| 500 | _aPara ver el contenido del material haga clic en la liga | ||
| 502 | _aTesis (Ing. Agr. Esp. en Fitotecnia) -- Departamento de Fitotecnia | ||
| 590 |
_aALEPH _b10 _c20130110 _lUCH01 _h1541 |
||
| 590 |
_aBATCH-UPD _b10 _c20130110 _lUCH01 _h1154 |
||
| 590 |
_aBATCH-UPD _b10 _c20130410 _lUCH01 _h0737 |
||
| 590 |
_aBATCH-UPD _b10 _c20130913 _lUCH01 _h1857 |
||
| 590 |
_aBATCH-UPD _b10 _c20140324 _lUCH01 _h1527 |
||
| 590 |
_aBATCH-UPD _b10 _c20141002 _lUCH01 _h0850 |
||
| 590 |
_aCONVERSION _b10 _c20130109 _lUCH01 _h1356 |
||
| 650 | 1 | 4 |
_aAceites esenciales. _9455 |
| 650 | 1 | 4 |
_aCempazúchil. _920947 |
| 650 | 1 | 4 |
_aEvaluación. _938913 |
| 650 | 1 | 4 |
_aMeloidogyne incognita. _974432 |
| 650 | 1 | 4 |
_aNacobbus aberrans. _980022 |
| 650 | 1 | 4 |
_aToxicología. _9114454 |
| 856 |
_3Findind aid _uhttp://10.13.5.2/tesis/113474.pdf _zTeclea aqui |
||
| 901 | _aBK | ||
| 942 | _cFOLL | ||
| 949 |
_aTesis _bBC _cTES _d33724002300033 _eTS1 _gDonaciØn _h52592 _i113474 _st |
||
| 949 |
_aTesis _bBC _cTES _d33724002300074 _eTS2 _fc.2 _gDonaciØn _h52593 _i113474 _st |
||
| 999 |
_c101813 _d101813 |
||